[Event "Meesterklasse 2014-2015"]
[Site "?"]
[Date "2014.11.01"]
[Round "2.1"]
[White "Dambacher, Martijn"]
[Black "Bosman, Michiel"]
[Result "1/2-1/2"]
[WhiteElo "2504"]
[BlackElo "2331"]
[PlyCount "131"]
[EventDate "2014.??.??"]
[EventCountry "NED"]
[WhiteTeam "HMC Calder VII"]
[BlackTeam "LSG VI"]
[WhiteTeamCountry "NED"]
[BlackTeamCountry "NED"]

{600MB, Fritz11.ctg} 1. d4 Nf6 2. c4 e6 3. Nc3 Bb4 4. e3 O-O 5. Bd3 d5 6. Nf3
b6 7. cxd5 exd5 8. O-O Bb7 9. Ne5 Bd6 10. Nb5 Be7 11. b3 c5 12. dxc5 bxc5 13.
Bb2 Nc6 14. Nxc6 Bxc6 15. Rc1 Qb6 16. Nd6 Bxd6 17. Bxf6 Rfe8 18. Qg4 Bf8 19.
Rfd1 a5 20. Bc3 Bb7 21. Be2 Qg6 22. Rd2 Qxg4 23. Bxg4 Bc6 24. Bf3 a4 25. b4
cxb4 26. Bxb4 Bxb4 27. Rd4 Rab8 28. Rxc6 Be7 29. g3 a3 30. Bxd5 Rec8 31. Rxc8+
Rxc8 32. Rf4 Bf6 33. Ra4 Be7 34. Ra7 Kf8 35. h4 h5 36. Bb3 g6 37. e4 Rc3 38.
Kf1 Rf3 39. Ra8+ Kg7 40. Ke2 Rf6 41. e5 Rc6 42. Ra7 Kf8 43. Kd3 Rc1 44. Ra4 Kg7
45. Ra7 Kf8 46. Ra4 Kg7 47. Rf4 f6 48. e6 f5 49. Ra4 Kf6 50. Ra8 Re1 51. Rh8
Kg7 52. Rc8 Kf6 53. Rc7 Re5 54. Ra7 Re1 55. Ra4 Bc5 56. Rf4 Bd6 57. Rd4 Bc5 58.
Rd7 Be7 59. Kd2 Bb4+ 60. Kd3 Be7 61. Rb7 Re5 62. Rc7 Re1 63. Ra7 Rf1 64. Ke2
Rxf2+ 65. Kxf2 Bc5+ 66. Kf3 1/2-1/2

[Event "Meesterklasse 2014-2015"]
[Site "?"]
[Date "2014.11.01"]
[Round "2.1"]
[White "Kevlishvili, Robby"]
[Black "Docx, Stefan"]
[Result "1-0"]
[WhiteElo "2360"]
[BlackElo "2460"]
[PlyCount "79"]
[EventDate "2014.??.??"]
[EventCountry "NED"]
[WhiteTeam "Pathena Rotterdam VIII"]
[BlackTeam "Charlois Europoort V"]
[WhiteTeamCountry "NED"]
[BlackTeamCountry "NED"]
[WhiteClock "0:37:40"]
[BlackClock "0:57:14"]

1. e4 c5 2. Nf3 d6 3. d4 cxd4 4. Nxd4 Nf6 5. Nc3 a6 6. Be3 e6 7. f3 b5 8. Qd2
Nbd7 9. g4 Nb6 10. a4 Nc4 11. Bxc4 bxc4 12. a5 Bb7 13. Na4 Nd7 14. O-O-O Be7
15. Kb1 O-O 16. g5 Rc8 17. h4 Ne5 18. Qc3 Qc7 19. Nb6 Rb8 20. h5 Bc8 21. h6 f6
22. hxg7 Rf7 23. f4 Ng4 24. Bg1 Rxg7 25. Qh3 f5 26. exf5 exf5 27. Qc3 Bf8 28.
Nf3 Bb7 29. Bd4 Be4 30. Rh3 d5 31. Nd2 Qxf4 32. Nxe4 Qxe4 33. Re1 Bb4 34. Qxb4
Qxd4 35. Qd6 Rf8 36. Nd7 Rd8 37. c3 Qd2 38. Nf6+ Kf7 39. Qe6+ Kf8 40. Nxh7+ 1-0

[Event "Meesterklasse 2014-2015"]
[Site "?"]
[Date "2014.11.01"]
[Round "2.1"]
[White "Tereick, Benjamin"]
[Black "Ris, Robert"]
[Result "1/2-1/2"]
[WhiteElo "2422"]
[BlackElo "2425"]
[PlyCount "79"]
[EventDate "2014.??.??"]
[EventCountry "NED"]
[WhiteTeam "Voerendaal X"]
[BlackTeam "BSG II"]
[WhiteTeamCountry "NED"]
[BlackTeamCountry "NED"]
[TimeControl "40/300:40/300:40/300"]

{564MB, Rybka4Gen.ctg, Edwin-HP} 1. Nf3 d5 2. c4 d4 3. g3 g6 4. b4 Bg7 5. d3 e5
6. Nbd2 Ne7 7. Bg2 O-O 8. Nb3 Re8 9. O-O c6 10. a4 Nd7 11. a5 Qc7 12. Ra2 Rb8
13. e3 dxe3 14. fxe3 Nf8 15. Raf2 Ne6 16. Qc2 Bd7 17. d4 exd4 18. exd4 Nf5 19.
Qd3 Rbd8 20. g4 Nfxd4 21. Nfxd4 Nxd4 22. Nxd4 Bxg4 {[%emt 0:00:00]} 23. Bb2 {
[%emt 0:00:13]} Qd7 {[%emt 0:00:03]} 24. Rxf7 Bxd4+ 25. Qxd4 Qxd4+ 26. Bxd4
Rxd4 27. Rxb7 Rxc4 28. b5 Rc5 29. Bxc6 Rd8 30. Rxa7 Be2 31. Rff7 Bxb5 32. Rg7+
Kh8 33. Rxh7+ Kg8 34. Rag7+ Kf8 35. Rf7+ Kg8 36. Rhg7+ Kh8 37. Rh7+ Kg8 38.
Rfg7+ Kf8 39. Rf7+ Kg8 40. Rfg7+ 1/2-1/2

[Event "Meesterklasse 2014-2015"]
[Site "?"]
[Date "2014.10.24"]
[Round "2.1"]
[White "Van Assendelft, Floris"]
[Black "Nieuwenhuis, Pieter"]
[Result "1/2-1/2"]
[WhiteElo "2360"]
[BlackElo "2204"]
[PlyCount "104"]
[EventDate "2014.??.??"]
[EventCountry "NED"]
[WhiteTeam "SISSA IX"]
[BlackTeam "Utrecht IV"]
[WhiteTeamCountry "NED"]
[BlackTeamCountry "NED"]

1. e4 c5 2. Nf3 d6 3. c3 Nf6 4. Be2 Nbd7 5. d3 g6 6. Nbd2 Bg7 7. O-O O-O 8. d4
Qc7 9. Re1 Rb8 10. a4 b6 11. Bf1 e6 12. Nc4 d5 13. exd5 Nxd5 14. Bg5 Bb7 15.
Bh4 Bh6 16. Nfe5 cxd4 17. Bg3 Bf4 18. Bxf4 Nxf4 19. Qxd4 Nxe5 20. Nxe5 Nd5 21.
a5 f6 22. Ng4 e5 23. axb6 axb6 24. Qc4 Rbc8 25. Qb3 Kg7 26. Ra7 Rf7 27. Rd1 Nf4
28. g3 Nh5 29. Bg2 Rb8 30. Ne3 Qc5 31. Qe6 Qc8 32. Qxc8 Bxc8 33. Rxf7+ Kxf7 34.
Rd8 f5 35. Nd5 Nf6 36. Nb4 e4 37. Bf1 Ra8 38. Bc4+ Kg7 39. Rd6 Ra1+ 40. Kg2 Rb1
41. Rd8 Bd7 42. Nd5 Ba4 43. Nxf6 Kxf6 44. Rd6+ Kg7 45. b3 Bxb3 46. Rxb6 Bc2 47.
Rxb1 Bxb1 48. f4 exf3+ 49. Kxf3 Kf6 50. Ke3 g5 51. h4 gxh4 52. gxh4 Ke5 1/2-1/2

[Event "Meesterklasse 2014-2015"]
[Site "?"]
[Date "2014.11.01"]
[Round "2.1"]
[White "Werle, Jan"]
[Black "L'Ami, Erwin"]
[Result "1/2-1/2"]
[WhiteElo "2538"]
[BlackElo "2618"]
[PlyCount "44"]
[EventDate "2014.??.??"]
[EventCountry "NED"]
[WhiteTeam "Groninger Combinatie"]
[BlackTeam "En Passant III"]
[WhiteTeamCountry "NED"]
[BlackTeamCountry "NED"]

1. d4 Nf6 2. c4 e6 3. Nc3 Bb4 4. e3 O-O 5. Nge2 Re8 6. a3 Bf8 7. e4 d5 8. e5
Nfd7 9. cxd5 exd5 10. Be3 Nb6 11. f4 Nc4 12. Bc1 Be6 13. Ng3 c6 14. Bd3 Qb6 15.
b3 Na5 16. Bc2 f5 17. b4 Nc4 18. Bxf5 Bxf5 19. Nxf5 a5 20. Rb1 axb4 21. axb4
Na6 22. O-O Nxb4 1/2-1/2

[Event "Meesterklasse 2014-2015"]
[Site "?"]
[Date "2014.11.01"]
[Round "2.2"]
[White "Diepeveen, Vincent"]
[Black "Ohme, Melanie"]
[Result "1-0"]
[WhiteElo "2313"]
[BlackElo "2322"]
[PlyCount "75"]
[EventDate "2014.??.??"]
[EventCountry "NED"]
[WhiteTeam "Utrecht IV"]
[BlackTeam "SISSA IX"]
[WhiteTeamCountry "NED"]
[BlackTeamCountry "NED"]

1. e4 c5 2. Nf3 d6 3. d4 cxd4 4. Nxd4 Nf6 5. Nc3 Nc6 6. Bg5 e6 7. Qd2 Qb6 8.
O-O-O Nxd4 9. Qxd4 Qxd4 10. Rxd4 a6 11. Be2 Be7 12. f3 Bd7 13. Rhd1 Bc6 14. Bc4
d5 15. exd5 Nxd5 16. Bxd5 Bxg5+ 17. f4 e5 18. Rc4 Bxf4+ 19. Kb1 O-O 20. g3 Bh6
21. Bxc6 bxc6 22. Re1 Rae8 23. Rxc6 f5 24. a4 f4 25. Ne4 f3 26. c3 Rc8 27. Re6
f2 28. Rf1 Be3 29. Kc2 Rf3 30. Rxe5 Rcf8 31. Nd2 Bxd2 32. Kxd2 Rb8 33. Ke2 Rf6
34. b4 Rc8 35. Re3 a5 36. Rxf2 axb4 37. Rxf6 gxf6 38. cxb4 1-0

[Event "Meesterklasse 2014-2015"]
[Site "?"]
[Date "2014.11.01"]
[Round "2.2"]
[White "Hovhanisian, Mher"]
[Black "Vreugdenhil, Frans"]
[Result "1-0"]
[WhiteElo "2512"]
[BlackElo "1995"]
[PlyCount "180"]
[EventDate "2014.??.??"]
[EventCountry "NED"]
[WhiteTeam "Charlois Europoort V"]
[BlackTeam "Pathena Rotterdam VIII"]
[WhiteTeamCountry "NED"]
[BlackTeamCountry "NED"]
[WhiteClock "0:10:26"]
[BlackClock "0:00:33"]

1. e4 e5 2. Nf3 Nc6 3. Nc3 Nf6 4. Bb5 d6 5. d4 exd4 6. Nxd4 Bd7 7. Bxc6 bxc6 8.
Qf3 Rb8 9. O-O Be7 10. e5 dxe5 11. Nxc6 Bxc6 12. Qxc6+ Qd7 13. Qxd7+ Kxd7 14.
b3 Rhd8 15. Bb2 Kc8 16. Rfe1 Bd6 17. Rad1 Re8 18. Kf1 a6 19. Na4 Nd7 20. c4 f6
21. Rd5 Be7 22. Red1 Nb6 23. Nxb6+ Rxb6 24. Ke2 Rd6 25. Ke3 Red8 26. Rxd6 Rxd6
27. Rc1 Rd7 28. c5 c6 29. b4 Rd5 30. Ke2 Kd7 31. Rc3 Kc7 32. Rh3 h6 33. Rg3 Bf8
34. Ra3 Kb7 35. g4 Be7 36. h3 Bd8 37. Rd3 Rxd3 38. Kxd3 Kc7 39. Ke4 g6 40. Bc1
g5 41. a4 Kd7 42. Kd3 Ke6 43. Kc4 Bc7 44. b5 axb5+ 45. axb5 cxb5+ 46. Kxb5 Kd5
47. c6 Ke4 48. Ka6 Kf3 49. Kb7 Bd8 50. Be3 e4 51. Bb6 Bxb6 52. Kxb6 Kxf2 53. c7
e3 54. c8=Q e2 55. Qc5+ Kf1 56. Qf5+ Kg2 57. Qe6 Kf2 58. Qxf6+ Kg2 59. Qe6 Kf2
60. Qxh6 e1=Q 61. Qxg5 Kg3 62. Qf6 Kxh3 63. g5 Qb4+ 64. Kc6 Kg4 65. g6 Qc4+ 66.
Kd6 Qa6+ 67. Ke7 Qb7+ 68. Kf8 Qb8+ 69. Kf7 Qb7+ 70. Qe7 Qf3+ 71. Kg8 Qa8+ 72.
Kh7 Qh1+ 73. Kg7 Qa1+ 74. Qf6 Qa7+ 75. Kh6 Qe3+ 76. Kh7 Qh3+ 77. Kg7 Qa3 78.
Qd4+ Kg5 79. Qe5+ Kg4 80. Qe4+ Kg5 81. Qd5+ Kg4 82. Qe5 Qa7+ 83. Kh6 Qa6 84.
Qg5+ Kh3 85. Qf5+ Kg3 86. Kg5 Qc4 87. Qe5+ Kg2 88. g7 Qc1+ 89. Qf4 Qc5+ 90. Kh4
Qc8 1-0

[Event "Meesterklasse 2014-2015"]
[Site "?"]
[Date "2014.11.01"]
[Round "2.2"]
[White "Nikolic, Predrag"]
[Black "Swinkels, Robin"]
[Result "1/2-1/2"]
[WhiteElo "2604"]
[BlackElo "2489"]
[PlyCount "52"]
[EventDate "2014.??.??"]
[EventCountry "NED"]
[WhiteTeam "LSG VI"]
[BlackTeam "HMC Calder VII"]
[WhiteTeamCountry "NED"]
[BlackTeamCountry "NED"]

{600MB, Fritz11.ctg} 1. d4 d5 2. c4 c6 3. Nc3 Nf6 4. e3 Bf5 5. cxd5 cxd5 6. Qb3
Nc6 7. Qxb7 Bd7 8. Qb3 Rb8 9. Qd1 e5 10. Bb5 Bd6 11. Nge2 e4 12. h3 Nb4 13.
Bxd7+ Qxd7 14. O-O O-O 15. f3 Qe6 16. b3 Nd3 17. fxe4 dxe4 18. Bd2 Nh5 19. Be1
Bc7 20. Nc1 Qd6 21. Nxd3 Qh2+ 22. Kf2 exd3 23. Qxh5 Qg3+ 24. Kg1 Qh2+ 25. Kf2
Qg3+ 26. Kg1 Qh2+ 1/2-1/2

[Event "Meesterklasse 2014-2015"]
[Site "?"]
[Date "2014.11.01"]
[Round "2.2"]
[White "Smeets, Jan"]
[Black "Hoeksema, Erik"]
[Result "1-0"]
[WhiteElo "2622"]
[BlackElo "2341"]
[PlyCount "145"]
[EventDate "2014.??.??"]
[EventCountry "NED"]
[WhiteTeam "En Passant III"]
[BlackTeam "Groninger Combinatie"]
[WhiteTeamCountry "NED"]
[BlackTeamCountry "NED"]

1. e4 c5 2. Nf3 d6 3. c3 Nf6 4. Bd3 Nc6 5. Bc2 Bg4 6. h3 Bxf3 7. Qxf3 g6 8. d3
Bg7 9. O-O O-O 10. Be3 Nd7 11. a3 b5 12. Qe2 a5 13. Rc1 Rb8 14. Nd2 Qc7 15. a4
b4 16. Bb3 Rfc8 17. Bc4 Qd8 18. Nb3 Nf6 19. Bf4 Nh5 20. Bg5 Rb6 21. Bb5 Rcb8
22. Nd2 bxc3 23. bxc3 Na7 24. Bc4 Qd7 25. Ba2 Nc6 26. Nc4 R6b7 27. Na3 Nf6 28.
Bf4 Ne8 29. Qd1 Nc7 30. Be3 e6 31. Rc2 h5 32. Rac1 Ne7 33. Rd2 Nc6 34. Rdc2 Qe7
35. d4 cxd4 36. cxd4 Nb4 37. Rd2 d5 38. e5 Nxa2 39. Rxa2 Bf8 40. Bd2 Rb2 41.
Rxb2 Rxb2 42. Nc2 Qd7 43. Bxa5 Na6 44. Ne1 Bb4 45. Bxb4 Rxb4 46. Ra1 Rc4 47.
Nf3 Nb4 48. a5 Qa7 49. Qb3 Nc2 50. Ra2 Nxd4 51. Nxd4 Qxd4 52. a6 Rb4 53. Qe3
Qc4 54. Ra1 Ra4 55. Rxa4 Qxa4 56. Qb6 Qa1+ 57. Kh2 Qxe5+ 58. g3 h4 59. a7 hxg3+
60. Kg2 Qe4+ 61. f3 Qe2+ 62. Kxg3 Qe1+ 63. Kg2 Qe2+ 64. Kg3 Qe1+ 65. Kg4 Kg7
66. h4 f5+ 67. Kh3 Qh1+ 68. Kg3 Qe1+ 69. Kh3 Qh1+ 70. Kg3 Qe1+ 71. Kg2 Qd2+ 72.
Kh3 Qf4 73. Qb2+ 1-0

[Event "Meesterklasse 2014-2015"]
[Site "?"]
[Date "2014.11.01"]
[Round "2.2"]
[White "Willemze, Thomas"]
[Black "Trella, Thomas"]
[Result "1-0"]
[WhiteElo "2415"]
[BlackElo "2396"]
[PlyCount "73"]
[EventDate "2014.??.??"]
[EventCountry "NED"]
[WhiteTeam "BSG II"]
[BlackTeam "Voerendaal X"]
[WhiteTeamCountry "NED"]
[BlackTeamCountry "NED"]

1. e4 e6 2. d4 d5 3. Nc3 Nc6 4. Nf3 Nf6 5. Bd3 Nb4 6. Bg5 Be7 7. e5 Nd7 8. Bxe7
Qxe7 9. O-O O-O 10. Re1 a6 11. Ne2 b6 12. Nf4 c5 13. c3 Nxd3 14. Qxd3 a5 15.
Qe3 Ba6 16. Nh5 Rfc8 17. Rad1 Kh8 18. Qf4 Nf8 19. Ng5 Ra7 20. Qg4 Ng6 21. f4
cxd4 22. Rxd4 Rc4 23. Rxc4 Bxc4 24. f5 exf5 25. Qxf5 h6 26. Nf3 Bxa2 27. e6 Nh4
28. Nxh4 Qxh4 29. Qe5 fxe6 30. g3 Qe7 31. Nf4 Kh7 32. Nxe6 Rd7 33. Rf1 Rb7 34.
Qf5+ Kg8 35. Qe5 Kh7 36. Rf4 Bb1 37. Qxd5 {zwart gaat door de vlag} 1-0

[Event "Meesterklasse 2014-2015"]
[Site "?"]
[Date "2014.11.01"]
[Round "2.3"]
[White "Bok, Benjamin"]
[Black "Van der Werf, Mark"]
[Result "1-0"]
[WhiteElo "2575"]
[BlackElo "2413"]
[PlyCount "73"]
[EventDate "2014.??.??"]
[EventCountry "NED"]
[WhiteTeam "HMC Calder VII"]
[BlackTeam "LSG VI"]
[WhiteTeamCountry "NED"]
[BlackTeamCountry "NED"]

{600MB, Fritz11.ctg} 1. e4 e5 2. Nf3 Nc6 3. Bb5 a6 4. Ba4 Nf6 5. O-O Be7 6. Re1
b5 7. Bb3 d6 8. c3 O-O 9. h3 Re8 10. d4 Bb7 11. Nbd2 Bf8 12. a3 g6 13. Ba2 Bg7
14. b4 Qd7 15. Bb2 Rad8 16. Rc1 Bh6 17. Qc2 Nh5 18. Rcd1 Nf4 19. Nf1 Qe7 20.
Ne3 Nb8 21. dxe5 dxe5 22. c4 Rxd1 23. Rxd1 Bg7 24. Nd5 Nxd5 25. cxd5 Qd6 26.
Rc1 Rc8 27. Qc5 Nd7 28. Qa7 Ba8 29. Ne1 Bh6 30. Rc2 Nf6 31. Nd3 Nxe4 32. Bxe5
Qd7 33. Qxa6 Re8 34. Rxc7 Qf5 35. d6 Ng5 36. d7 Rf8 37. Qf6 1-0

[Event "Meesterklasse 2014-2015"]
[Site "?"]
[Date "2014.11.01"]
[Round "2.3"]
[White "Ernst, Sipke"]
[Black "Reinderman, Dimitri"]
[Result "1/2-1/2"]
[WhiteElo "2545"]
[BlackElo "2588"]
[PlyCount "68"]
[EventDate "2014.??.??"]
[EventCountry "NED"]
[WhiteTeam "Groninger Combinatie"]
[BlackTeam "En Passant III"]
[WhiteTeamCountry "NED"]
[BlackTeamCountry "NED"]

1. Nf3 f5 2. d3 Nc6 3. e4 e5 4. d4 fxe4 5. Nxe5 Nf6 6. Be2 d6 7. Nxc6 bxc6 8.
c4 Be7 9. Nc3 O-O 10. Be3 d5 11. h3 Qe8 12. Qa4 dxc4 13. Bxc4+ Kh8 14. O-O-O
Bd6 15. d5 Bd7 16. dxc6 Bxc6 17. Bb5 Bxb5 18. Qxb5 Qf7 19. Qf5 Rab8 20. Bxa7
Rb4 21. Bc5 Rc4 22. Bd4 Ra8 23. Kb1 Bb4 24. Bxf6 Bxc3 25. bxc3 Rc6 26. Rd2 gxf6
27. Rhd1 Rb6+ 28. Ka1 Rd6 29. Kb1 Qc4 30. Rc1 Rb6+ 31. Ka1 Rba6 32. Kb1 Rb6+
33. Ka1 Rba6 34. Kb1 Rb6+ 1/2-1/2

[Event "Meesterklasse 2014-2015"]
[Site "?"]
[Date "2014.11.01"]
[Round "2.3"]
[White "Kaufeld, Juergen"]
[Black "Van Kampen, Robin"]
[Result "1/2-1/2"]
[WhiteElo "2279"]
[BlackElo "2612"]
[PlyCount "68"]
[EventDate "2014.??.??"]
[EventCountry "NED"]
[WhiteTeam "Voerendaal X"]
[BlackTeam "BSG II"]
[WhiteTeamCountry "NED"]
[BlackTeamCountry "NED"]

1. d4 Nf6 2. c4 e6 3. g3 d5 4. Nf3 Bb4+ 5. Bd2 Bd6 6. Bg2 c6 7. Nc3 O-O 8. Qc2
Nbd7 9. e4 Nxe4 10. Nxe4 dxe4 11. Qxe4 e5 12. O-O f5 13. Qc2 e4 14. Ng5 Nf6 15.
c5 Be7 16. Qb3+ Qd5 17. f3 Qxb3 18. axb3 h6 19. Nh3 Be6 20. b4 g5 21. Nf2 exf3
22. Bxf3 Rfe8 23. b5 Bd5 24. Bxd5+ Nxd5 25. bxc6 bxc6 26. Ra6 Rac8 27. Nd3 Bf6
28. Bc3 Re3 29. Rd1 Re4 30. Nf2 Re7 31. Nd3 Re4 32. Nf2 Re3 33. Nd3 Rc7 34. Nb4
Nxb4 1/2-1/2

[Event "Meesterklasse 2014-2015"]
[Site "?"]
[Date "2014.11.01"]
[Round "2.3"]
[White "Martens, Martin"]
[Black "Van Overdam, Julian"]
[Result "1-0"]
[WhiteElo "2418"]
[BlackElo "2340"]
[PlyCount "73"]
[EventDate "2014.??.??"]
[EventCountry "NED"]
[WhiteTeam "Pathena Rotterdam VIII"]
[BlackTeam "Charlois Europoort V"]
[WhiteTeamCountry "NED"]
[BlackTeamCountry "NED"]
[WhiteClock "0:04:36"]
[BlackClock "0:00:58"]

1. e4 c5 2. Nf3 e6 3. Nc3 Nc6 4. Bb5 Nd4 5. O-O Nxb5 6. Nxb5 a6 7. Nc3 b5 8. d4
b4 9. Na4 c4 10. d5 d6 11. a3 a5 12. Be3 Nf6 13. Nb6 Rb8 14. Qd4 c3 15. axb4
cxb2 16. Rxa5 Be7 17. e5 Nxd5 18. Nxd5 exd5 19. exd6 Bf6 20. Qc5 O-O 21. Nd4
Bb7 22. Rb1 Be5 23. Rxb2 Bxd6 24. Qc3 Qf6 25. Qd2 Qe5 26. g3 Qe4 27. c3 Rfc8
28. Ra3 h5 29. Qc2 Qg4 30. Rb1 g6 31. Qe2 Qe4 32. Re1 h4 33. Qd1 hxg3 34. hxg3
Re8 35. Ra7 g5 36. Rxb7 Rxb7 37. Bd2 1-0

[Event "Meesterklasse 2014-2015"]
[Site "?"]
[Date "2014.11.01"]
[Round "2.3"]
[White "Van Foreest, Jorden"]
[Black "Vereggen, Lars"]
[Result "1/2-1/2"]
[WhiteElo "2468"]
[BlackElo "2181"]
[PlyCount "102"]
[EventDate "2014.??.??"]
[EventCountry "NED"]
[WhiteTeam "SISSA IX"]
[BlackTeam "Utrecht IV"]
[WhiteTeamCountry "NED"]
[BlackTeamCountry "NED"]

1. e4 c5 2. Nf3 d6 3. d4 cxd4 4. Nxd4 Nf6 5. Nc3 Nc6 6. Bg5 e6 7. Qd2 a6 8.
O-O-O Bd7 9. f3 Qc7 10. Kb1 Be7 11. h4 h6 12. Be3 Rc8 13. g4 Nxd4 14. Bxd4 b5
15. Bd3 b4 16. Ne2 e5 17. Be3 d5 18. exd5 Nxd5 19. Bxa6 Ra8 20. Qxd5 Rxa6 21.
Ng3 Be6 22. Qb5+ Rc6 23. Nf5 Bxf5 24. gxf5 O-O 25. Rd5 Bf6 26. Rhd1 Rxc2 27.
Bc5 Rh2 28. Rd7 Qc8 29. Qxb4 Re8 30. Qb3 e4 31. Qxf7+ Kh8 32. Rb7 Rd8 33. Rxd8+
Qxd8 34. a3 exf3 35. Be7 Qg8 36. Qxg8+ Kxg8 37. Rb8+ Kh7 38. Bc5 f2 39. Bxf2
Rxf2 40. a4 Rxf5 41. b4 Be7 42. a5 Bxb4 43. Rxb4 Rxa5 44. Kc2 Rd5 45. Rg4 Kg8
46. Rf4 g5 47. hxg5 hxg5 48. Rf6 Kg7 49. Ra6 Kf7 50. Kc3 Ke7 51. Kc4 Rd6
1/2-1/2

[Event "Meesterklasse 2014-2015"]
[Site "?"]
[Date "2014.11.01"]
[Round "2.4"]
[White "De Jong, Jan Willem"]
[Black "Bosch, Jeroen"]
[Result "1-0"]
[WhiteElo "2458"]
[BlackElo "2384"]
[PlyCount "91"]
[EventDate "2014.??.??"]
[EventCountry "NED"]
[WhiteTeam "LSG VI"]
[BlackTeam "HMC Calder VII"]
[WhiteTeamCountry "NED"]
[BlackTeamCountry "NED"]

{600MB, Fritz11.ctg} 1. d4 Nf6 2. c4 d6 3. Nc3 Nbd7 4. e4 e5 5. Nf3 Be7 6. Be2
c6 7. O-O O-O 8. Rb1 a5 9. b3 Re8 10. a3 Bf8 11. d5 Nc5 12. Nd2 cxd5 13. cxd5
Bd7 14. f3 Nh5 15. g3 g6 16. Nc4 b5 17. b4 axb4 18. axb4 Na4 19. Nxa4 Rxa4 20.
Na5 f5 21. Qd3 f4 22. g4 Rxb4 23. Rxb4 Qxa5 24. Bd2 Nf6 25. Kg2 h5 26. h3 Qd8
27. Qb1 Nh7 28. Rh1 Be7 29. Bxb5 Bh4 30. Bc6 Rf8 31. Rb7 Bc8 32. Rb8 Qg5 33.
Rxc8 Rxc8 34. Qb7 Qd8 35. Rb1 Bg3 36. Qa6 hxg4 37. hxg4 Rb8 38. Ba5 Qh4 39.
Rxb8+ Nf8 40. Kf1 Qh1+ 41. Ke2 Qg2+ 42. Kd1 Qxf3+ 43. Kc2 Qxe4+ 44. Qd3 Qg2+
45. Kb3 e4 46. Qc3 1-0

[Event "Meesterklasse 2014-2015"]
[Site "?"]
[Date "2014.11.01"]
[Round "2.4"]
[White "Ikonnikov, Vyacheslav"]
[Black "Geurink, Jasper"]
[Result "1/2-1/2"]
[WhiteElo "2565"]
[BlackElo "2337"]
[PlyCount "159"]
[EventDate "2014.??.??"]
[EventCountry "NED"]
[WhiteTeam "En Passant III"]
[BlackTeam "Groninger Combinatie"]
[WhiteTeamCountry "NED"]
[BlackTeamCountry "NED"]

1. d4 Nf6 2. Nf3 g6 3. c4 Bg7 4. Nc3 d6 5. e4 O-O 6. Be2 e5 7. d5 a5 8. Bg5 h6
9. Bh4 g5 10. Bg3 Nh5 11. Nd2 Nf4 12. O-O f5 13. exf5 Bxf5 14. Nde4 Na6 15. Bg4
Bg6 16. Re1 b6 17. Bf3 Qd7 18. h4 gxh4 19. Bxh4 Nc5 20. Nxc5 bxc5 21. Be4 Bh5
22. Qc2 Bf6 23. Bg3 Bg5 24. Kh2 Qg7 25. Rh1 Bg4 26. Kg1 Nh5 27. Bh4 Nf6 28.
Bxg5 Qxg5 29. Re1 Rf7 30. f3 Bd7 31. Qc1 Kg7 32. Kf2 Rb8 33. b3 a4 34. Bc2 Qxc1
35. Rxc1 axb3 36. axb3 e4 37. Nxe4 Nxe4+ 38. Bxe4 Rxb3 39. Rb1 Ra3 40. Ra1 Rc3
41. Rhc1 Rxc1 42. Rxc1 Rf8 43. Ra1 Kf6 44. Ra7 Rc8 45. g4 Kf7 46. Ke3 Kg7 47.
Kf4 Rf8+ 48. Kg3 Rc8 49. Bc2 Kf6 50. Kf4 Kg7 51. Bf5 Bxf5 52. Kxf5 Rf8+ 53. Ke6
Rf7 54. Ra3 Kg6 55. Re3 Kg7 56. Re4 Rxf3 57. Kd7 Rd3 58. Kxc7 Rd4 59. Re1 Rxg4
60. Kxd6 Rxc4 61. Ke7 Kg6 62. d6 Rd4 63. d7 Kf5 64. Re6 Rxd7+ 65. Kxd7 h5 66.
Kd6 c4 67. Kd5 c3 68. Rc6 h4 69. Rxc3 Kg4 70. Rc4+ Kg3 71. Ke4 h3 72. Rc3+ Kg2
73. Rc2+ Kg3 74. Rc3+ Kg2 75. Kf4 h2 76. Rc2+ Kh3 77. Rc1 Kg2 78. Rc2+ Kh3 79.
Rc1 Kg2 80. Rc2+ 1/2-1/2

[Event "Meesterklasse 2014-2015"]
[Site "?"]
[Date "2014.11.01"]
[Round "2.4"]
[White "Meng, Roger"]
[Black "Schell, John"]
[Result "1-0"]
[WhiteElo "2342"]
[BlackElo "2160"]
[PlyCount "37"]
[EventDate "2014.??.??"]
[EventCountry "NED"]
[WhiteTeam "Charlois Europoort V"]
[BlackTeam "Pathena Rotterdam VIII"]
[WhiteTeamCountry "NED"]
[BlackTeamCountry "NED"]
[WhiteClock "1:12:04"]
[BlackClock "0:23:45"]

1. d4 d5 2. Nf3 Nc6 3. c4 Bg4 4. cxd5 Bxf3 5. gxf3 Qxd5 6. e3 e5 7. Nc3 Bb4 8.
Bd2 Bxc3 9. bxc3 exd4 10. cxd4 Nf6 11. Bg2 O-O 12. O-O Rfe8 13. Qb3 a6 14. Qxd5
Nxd5 15. Rfc1 Nf6 16. Rab1 Rab8 17. f4 Ne4 18. Bxe4 Rxe4 19. Rxc6 1-0

[Event "Meesterklasse 2014-2015"]
[Site "?"]
[Date "2014.11.01"]
[Round "2.4"]
[White "Riemersma, Liafbern"]
[Black "Bus, Tom"]
[Result "1-0"]
[WhiteElo "2428"]
[BlackElo "2116"]
[PlyCount "73"]
[EventDate "2014.??.??"]
[EventCountry "NED"]
[WhiteTeam "BSG II"]
[BlackTeam "Voerendaal X"]
[WhiteTeamCountry "NED"]
[BlackTeamCountry "NED"]

1. c4 Nf6 2. Nc3 c5 3. g3 g6 4. Bg2 Bg7 5. Nf3 O-O 6. O-O Nc6 7. d4 cxd4 8.
Nxd4 d6 9. Nxc6 bxc6 10. Bxc6 Rb8 11. Bg2 Qa5 12. Nb5 Bd7 13. Bd2 Qa6 14. a4
Rfc8 15. b3 Bc6 16. Bxc6 Rxc6 17. Be3 Ra8 18. Rc1 Qb7 19. Bd4 h5 20. Rb1 h4 21.
gxh4 Qd7 22. f3 a6 23. Nc3 Qh3 24. Bxf6 Bxf6 25. Nd5 Qxh4 26. Qe1 Qh8 27. Kh1
e6 28. Nxf6+ Qxf6 29. Qg3 a5 30. Rfd1 Rd8 31. Rd3 Rb6 32. Qf2 Rdb8 33. c5 dxc5
34. Qxc5 Rb4 35. Qxa5 Qh4 36. Qe5 Rxa4 37. Qxb8+ 1-0

[Event "Meesterklasse 2014-2015"]
[Site "?"]
[Date "2014.11.01"]
[Round "2.4"]
[White "Van der Put, Frank"]
[Black "Lubbe, Nikolas"]
[Result "1-0"]
[WhiteElo "2204"]
[BlackElo "2462"]
[PlyCount "53"]
[EventDate "2014.??.??"]
[EventCountry "NED"]
[WhiteTeam "Utrecht IV"]
[BlackTeam "SISSA IX"]
[WhiteTeamCountry "NED"]
[BlackTeamCountry "NED"]

1. d4 Nf6 2. c4 e6 3. g3 c5 4. Nf3 cxd4 5. Nxd4 Nc6 6. Bg2 Qb6 7. Nb5 Bc5 8.
O-O a6 9. Nd6+ Ke7 10. Ne4 Nxe4 11. Bxe4 f5 12. Bg2 Ne5 13. Nc3 Ng4 14. e3 Qb4
15. e4 g6 16. Qe2 Kf7 17. Bd2 Qxb2 18. Rab1 Qa3 19. Rb3 Qa5 20. exf5 gxf5 21.
Ne4 Qc7 22. h3 fxe4 23. Qxg4 Rg8 24. Qh5+ Kf8 25. Bh6+ Ke7 26. Bg5+ Kf8 27.
Bxe4 1-0

[Event "Meesterklasse 2014-2015"]
[Site "?"]
[Date "2014.11.01"]
[Round "2.5"]
[White "Brandenburg, Daan"]
[Black "Peng, Zhaoqin"]
[Result "1-0"]
[WhiteElo "2534"]
[BlackElo "2395"]
[PlyCount "125"]
[EventDate "2014.??.??"]
[EventCountry "NED"]
[WhiteTeam "Groninger Combinatie"]
[BlackTeam "En Passant III"]
[WhiteTeamCountry "NED"]
[BlackTeamCountry "NED"]

1. e4 e6 2. d4 d5 3. Nd2 c5 4. Ngf3 Nf6 5. exd5 exd5 6. Bb5+ Bd7 7. Qe2+ Be7 8.
dxc5 O-O 9. Nb3 Re8 10. O-O Bxc5 11. Qd3 a6 12. Bxd7 Nbxd7 13. Bg5 Bf8 14. Rad1
Qc7 15. c3 h6 16. Bh4 Re4 17. Nbd4 Qb6 18. Qc2 Rc8 19. Nf5 Qa5 20. Bxf6 Nxf6
21. Qb3 b6 22. Ne3 Rd8 23. Qc2 Qa4 24. Qb3 Qc6 25. Nd4 Qc7 26. Ndf5 g6 27. Ng3
Re5 28. Qa4 Qc8 29. Qf4 Re6 30. Rd3 h5 31. Rfd1 Bd6 32. Qf3 h4 33. Ngf1 Qc7 34.
Nxd5 Nxd5 35. Rxd5 Rde8 36. h3 Qe7 37. Ne3 Bc5 38. Rd7 Qf6 39. Qxf6 Rxf6 40.
Ng4 Rfe6 41. Kf1 Kg7 42. Nh2 Re2 43. R7d2 R2e4 44. Nf3 f5 45. Ng5 Rf4 46. b4
Bf8 47. Re2 Rxe2 48. Kxe2 Kh6 49. Nf3 Rc4 50. Kd3 b5 51. a3 a5 52. Nd4 axb4 53.
axb4 Bxb4 54. cxb4 Rxb4 55. Rc1 Rb2 56. Ke3 b4 57. Rc6 Kh5 58. Rb6 Rb1 59. Ne6
Rb3+ 60. Kf4 Kh6 61. Rb8 Kh7 62. Rb7+ Kh6 63. Ng5 1-0